Obraz Ziemi Świętej w prozie polskiej doby romantyzmu
| Titel: | Obraz Ziemi Świętej w prozie polskiej doby romantyzmu / Dorota Kulczycka |
|---|---|
| Verfasser: | |
| Veröffentlicht: | Zielona Góra : Oficyna Wydawn. Uniwers. Zielonogórskiego, 2012 |
| Umfang: | 575 S. : Ill. ; 25 cm |
| Format: | Buch |
| Sprache: | Polnisch |
| RVK-Notation: | |
| ISBN: | 9788378420347 |
| Hinweise zum Inhalt: |
Inhaltsverzeichnis
|
alg: 34033732 001A $00026:20-05-14 001B $01999:14-09-17 $t09:38:47.000 001C $00026:04-09-14 $t10:09:23.000 001D $00026:28-08-14 001U $0utf8 001X $00 002@ $0Aau 003@ $034033732X 004A $A978-83-7842-034-7 007A $034033732X $aHEB 007G $0DE0130AAD536D6B1F14D4C1257D460039E28B 009P $qapplication/pdf $A2 $3Inhaltsverzeichnis $uhttp://scans.hebis.de/HEBCGI/show.pl?34033732_toc.pdf $mV:DE-603;B:DE-26 010@ $apol 011@ $a2012 021A $aObraz Ziemi Świętej w prozie polskiej doby romantyzmu $hDorota Kulczycka 028A $7 $8Kulczycka, Dorota [Tnu] $9185407544 033A $pZielona Góra $nOficyna Wydawn. Uniwers. Zielonogórskiego 034D $a575 S. 034I $a25 cm 034M $aIll. 044A $aChrześcijaństwo $2jhpk $S7 $xw literaturze 044A $aLiteratura polska $2jhpk $S7 $xtematy, motywy $y19 w 044A $aProza polska $2jhpk $S7 $xtematy, motywy $y19 w 044A $aRomantyzm (literatura) $2jhpk $S7 044A $aSymbolika chrześcijańska $2jhpk $S7 $xw literaturze 044K $RLechisch $#Polnische Sprache $74120314-8 $8Polnisch [Tsz] $9085383503 044K $RBuch $RSchriftsteller $#Literature $#Littérature $#Letteratura $#Literatura $#literature $#Literature $#Literatur $#Literatur $#Belletristik $#Dichtung Literatur $#Schöne Literatur $#Sprachkunst $#Wortkunst $74035964-5 $8Literatur [Tsz] $9085097128 044K $RBiedermeier $#Romanticism $#Romantisme $#Romanticismo $#Romantik $#Frühromantik $#Spätromantik $74050491-8 $8Romantik [Ts1] $9085140775 044K $RMotiv $RPalästinabild $RPalästinenser$74297438-0 $8Palästina$gMotiv [Ts1] $9086621440 044K $RMotiv $#Christianity in literature $#Cristianismo En la literatura $74201464-5 $8Christentum$gMotiv [Ts1] $908601921X 045Z $8KO 6475 [Tkv] $940925844X 046M $aLiteraturverz. S. [539] - 551 lok: 34033732 78 exp: 34033732 78 1 #EPN 201B/01 $012-08-19 $t11:35:27.000 201C/01 $012-08-19 201U/01 $0utf8 203@/01 $01057671924 208@/01 $a12-08-19 $be 209A/01 $a/ $f000 $x00 209A/01 $ab*p $x01 220C/01 $aeja 244Z/01 $#Generalgouvernement Polen $#Polska $#Rzeczpospolita Polska $#Polska Rzeczpospolita Ludowa $#Poland $#Pologne $#République Polonaise $#Generalne Gubernatorstwo w Polsce $#Polish People's Republic $#Polska Rzeczpospolita Polen $#PRL $#RP $#Polen Generalgouvernement $#Polska Generalgouvernement $#Besetzte Polnische Gebiete $#Besetztes Gebiet in Polen $#Okupowane Polskie Obszary $#Obszary Okupowane w Polsce $#Volksrepublik Polen $#Polska Rosyjska $#Republic Polen $#Respublika Pol'ša $#Pol'skaja Narodnaja Respublika $#République de Pologne $#Polen Links der Weichsel $#Polska po Lewej Stronie Wisły $#Lenkija $#Polija $#Gubernija Carstva Pol'skago $#Republik Polen $74046496-9 $8--Tg1--Polen $x01 $9085129801 247C/01 $82080>Marburg/Lahn, Herder-Institut, Forschungsbibliothek, Bibliographieportal $9336309341 lok: 34033732 204 exp: 34033732 204 1 #EPN 201B/01 $012-09-14 $t09:22:54.000 201C/01 $020-05-14 201U/01 $0utf8 203@/01 $0732126193 208@/01 $a20-05-14 $bzUB 209A/01 $a000 KO 6475 P153 K96 $du $f000 $x00 209G/01 $a61780327 $x00 245S/01 $a21000 $x01 247C/01 $8631000-x <26>Gießen, Universität Gießen, Universitätsbibliothek Gießen $9102596697
| LEADER | 00000cam a2200000 c 4500 | ||
|---|---|---|---|
| 001 | 34033732X | ||
| 003 | DE-603 | ||
| 005 | 20170914093847.0 | ||
| 007 | tu | ||
| 008 | 140520s2012 xx |||| | u00||u|pol c | ||
| 020 | |a 9788378420347 | ||
| 035 | |a (DE-599)HEB34033732X | ||
| 040 | |a DE-603 |b ger |c DE-603 |d DE-603 | ||
| 041 | |a pol | ||
| 084 | |a KO 6475 |0 (DE-625)80591: |0 (DE-603)40925844X |2 rvk | ||
| 100 | 1 | |a Kulczycka, Dorota |0 (DE-603)185407544 | |
| 245 | 0 | 0 | |a Obraz Ziemi Świętej w prozie polskiej doby romantyzmu |c Dorota Kulczycka |
| 264 | 1 | |a Zielona Góra |b Oficyna Wydawn. Uniwers. Zielonogórskiego |c 2012 | |
| 300 | |a 575 S. |b Ill. |c 25 cm | ||
| 504 | |a Literaturverz. S. [539] - 551 | ||
| 650 | 7 | |a Polnisch |0 (DE-588)4120314-8 |0 (DE-603)085383503 |2 gnd | |
| 650 | 7 | |a Literatur |0 (DE-588)4035964-5 |0 (DE-603)085097128 |2 gnd | |
| 650 | 7 | |a Romantik |0 (DE-588)4050491-8 |0 (DE-603)085140775 |2 gnd | |
| 650 | 7 | |a Palästina |g Motiv |0 (DE-588)4297438-0 |0 (DE-603)086621440 |2 gnd | |
| 650 | 7 | |a Christentum |g Motiv |0 (DE-588)4201464-5 |0 (DE-603)08601921X |2 gnd | |
| 856 | 4 | 2 | |m V:DE-603;B:DE-26 |q application/pdf |u http://scans.hebis.de/HEBCGI/show.pl?34033732_toc.pdf |3 Inhaltsverzeichnis |
| 924 | 0 | |9 2080 |a (DE-603)1057671924 |b DE-2080 |c HES |d d |g / | |
| 924 | 0 | |9 26 |a (DE-603)732126193 |b DE-26 |c HES |d c |g 000 KO 6475 P153 K96 | |


